000 01217nam a22003375i 4500
999 _c28305
_d28276
003 EG-ScBUE
005 20200309131814.0
008 200219s2007 sp o f 000 0 eng d
020 _a9783833146329
040 _aEG-ScBUE
_beng
_erda
_cEG-ScBUE
_dEG-ScBUE
041 1 _aeng
_hspa
082 0 4 _a747.88314
_bLOF
_222
110 2 _aArco Editorial Team,
_eauthor.
240 1 0 _aLofts : vivir, trabajar y comprar en un loft.
_lEnglish
245 1 0 _aLofts :
_bliving, working, and trading in a loft /
_cArco Team ; editor, Lola Gómez ; translator, Matthew Clarke.
250 _aEnglish edition.
264 1 _aBarcelona, Spain :
_bH. f. ullmann / Tandem Verlag GmbH :
_bLoft Publications,
_c2007.
300 _a999 pages :
_bphotographs ;
_c22 cm
336 _atext
_btxt
_2rdacontent
336 _astill image
_bsti
_2rdacontent
337 _aunmediated
_bn
_2rdamedia
338 _avolume
_bnc
_2rdacarrier
546 _aText in English; translated from original Spanish.
650 7 _aLofts.
_2BUEsh
650 7 _aLofts
_xRemodeling for other use.
_2BUEsh
653 _bENGARC
_cMarch2020
700 _aGómez, Lola,
_eeditor.
700 1 _aClarke, Matthew,
_etranslator.
942 _2ddc
_cBB